Generic environmental impact statement for license renewal of nuclear plants : supplement : final report.

Bibliographic Details
Corporate Author: U.S. Nuclear Regulatory Commission. Office of Nuclear Reactor Regulation. Division of Regulatory Improvement Programs
Format: Government Document eBook
Language:English
Published: Washington, DC : Division of Regulatory Improvement Programs, Office of Nuclear Reactor Regulation, U.S. Nuclear Regulatory Commission, 1999-
Subjects:
Online Access:Suppl. 12:

MARC

Tag First Indicator Second Indicator Subfields
LEADER 00000cam a2200000 a 4500
001 in00001795021
005 20211129142325.0
006 m d f
007 cr bn-
008 030820m19999999dcuab sbt f000 0 eng c
035 |a (OCoLC)ocm52880607 
037 |a 052-020-00955-4 (suppl.12)  |b GPO  |f paper copy  |c $50.00 
040 |a GPO  |c GPO  |d MvI  |d UtOrBLW 
042 |a pcc 
043 |a n-us--- 
049 |a WWW 
074 |a 1051-H-02 (online) 
086 0 |a Y 3.N 88:10/1437/SUPP.-/FINAL 
088 |a NUREG-1437 
110 2 |a U.S. Nuclear Regulatory Commission.  |b Office of Nuclear Reactor Regulation.  |b Division of Regulatory Improvement Programs. 
245 1 0 |a Generic environmental impact statement for license renewal of nuclear plants :  |b supplement : final report. 
264 1 |a Washington, DC :  |b Division of Regulatory Improvement Programs, Office of Nuclear Reactor Regulation, U.S. Nuclear Regulatory Commission,  |c 1999- 
336 |a text  |b txt  |2 rdacontent 
337 |a computer  |b c  |2 rdamedia 
338 |a online resource  |b cr  |2 rdacarrier 
538 |a System requirements: Adobe Acrobat Reader. 
538 |a Mode of access: Internet from the NRC web site. Address as of 8/20/03: http://www.nrc.gov/reading-rm/doc-collections/nuregs/staff/sr1437/supplement12/sr1437s12a.pdf (suppl. 12); current access available via PURL. 
500 |a Title from suppl. 12 title screen (viewed on Aug. 20, 2003). 
500 |a Suppl. 1 and 4 distributed to depository libraries in microfiche. 
500 |a "Date published: August 2003"--Suppl. 12. 
504 |a Includes bibliographical references. 
505 1 |a suppl. 12. Fort Calhoun Station, unit 1. 
500 |a "NUREG-1437." 
500 |a Electronic resource. 
650 0 |a Nuclear power plants  |x Environmental aspects  |z United States. 
776 1 |a U.S. Nuclear Regulatory Commission. Office of Nuclear Reactor Regulation. Division of Regulatory Improvement Programs.  |t Generic environmental impact statement for license renewal of nuclear plants  |w (OCoLC)43624735 
856 4 0 |3 Suppl. 12:  |u https://purl.fdlp.gov/GPO/LPS35518  |t 0 
999 |a MARS 
999 f f |s f5179f06-be1c-3dbf-aac8-940405db7236  |i 3b9593ed-15cb-372f-af6f-91fb1d3d3399  |t 0 
952 f f |a Texas A&M University  |b College Station  |c Electronic Resources  |d Available Online  |t 0  |e Y 3.N 88:10/1437/SUPP.-/FINAL  |h Superintendent of Documents classification 
998 f f |a Y 3.N 88:10/1437/SUPP.-/FINAL  |t 0  |l Available Online